[Event "90th GER-ch 2019"]
[Site "Magdeburg"]
[Date "2019.05.26"]
[Round "1.1"]
[White "Huschenbeth, Niclas"]
[Black "Maetzkow, Maximilian Paul"]
[Result "1-0"]
[WhiteElo "2603"]
[BlackElo "2338"]
[Annotator "TA"]
[PlyCount "41"]
[EventDate "2019.05.26"]
[EventType "tourn"]
[EventCountry "GER"]
[SourceTitle "playchess.com"]
[Source "ChessBase"]
[SourceQuality "1"]

{[%evp 12,41,40,3,80,71,80,76,168,165,170,155,146,148,152,121,137,129,296,296,308,285,344,323,497,452,479,495,494,442,929,933]} 1. e4 e6 2. d4 d5 3. Nc3 dxe4 4. Nxe4 Nd7 5. Nf3 Ngf6 6. Nxf6+ Nxf6 7. Be3 c5 {C10: French with 3 Nc3: Unusual Black 3rd moves and 3...dxe4} (7... Bd6 $11 {remains equal.}) (7... Bd6 8. Bd3 O-O 9. Qe2 b6 10. O-O-O Bb7 11. Kb1 c5 12. Bg5 h6 13. Bh4 Rc8 14. Rhe1 Bxf3 15. Qxf3 {0-1 (36) Anand,V (2774)-Meier,G (2628) Karlsruhe/Baden Baden 2019}) 8. dxc5 $16 {Hoping for Qxd8+.} Qc7 9. Qd4 Nd7 $146 (9... Be7 $16) ({Predecessor:} 9... Nd5 10. Bb5+ Bd7 11. Bxd7+ Qxd7 12. O-O-O O-O-O 13. c6 bxc6 14. Qa4 Bd6 15. Bxa7 {0-1 (24) Van Beek,A (2295)-Paalman,H (2128) Germany 2016}) 10. O-O-O $18 Qxc5 11. Qa4 $1 Qb4 {[#]} 12. Bb5 $1 {[%cal Rb5d7]} Qxa4 13. Bxa4 {Black must now prevent Ne5.} a6 {[#] intending ...b5.} 14. c4 $1 $36 {[%mdl 2048] White is on the roll.} Be7 $2 (14... Bb4 $16 15. a3 Ba5) 15. Bb6 {aiming for Ne5.} Bf6 {and the idea ...Ke7 leaves Black hopeful.} 16. c5 Ke7 17. Bc7 h5 (17... Ra7 {was worth a try.} 18. Rd2 b5 19. cxb6 Rb7 20. Bd6+ Kd8) 18. Rd2 {White is clearly winning.} h4 19. Rhd1 Rh5 20. Kb1 Be5 (20... Rxc5 $142 21. Bd6+ {[%mdl 64] Double Attack} Ke8 22. Bxd7+ Bxd7 23. Bxc5 {[%mdl 64] Discovered Attack} Bc6) 21. Rxd7+ {Accuracy: White = 100%, Black = 24%.} 1-0

[Event "90th GER-ch 2019"]
[Site "Magdeburg"]
[Date "2019.05.26"]
[Round "1.2"]
[White "Gungl, Theo"]
[Black "Graf, Alexander"]
[Result "0-1"]
[WhiteElo "2331"]
[BlackElo "2572"]
[Annotator "TA"]
[PlyCount "122"]
[EventDate "2019.05.26"]
[EventType "tourn"]
[EventCountry "GER"]
[SourceTitle "playchess.com"]
[Source "ChessBase"]
[SourceQuality "1"]

{[%evp 16,122,47,30,35,29,60,24,32,29,35,0,36,-10,-14,-50,0,0,0,0,0,0,0,0,0,0,0,-16,-14,-15,0,-14,14,-20,-20,-29,-20,-52,-52,-59,-64,-54,-59,-64,-55,-59,-55,-112,-112,-156,-64,-91,-91,-91,-91,-91,-79,-71,-72,-85,-87,-89,-91,-108,-109,-152,-165,-229,-195,-356,-357,-443,-441,-495,-516,-518,-510,-518,-515,-515,-515,-493,-479,-618,-605,-793,-562,-622,-608,-821,-786,-977,-1107,-1576,-1481,-1473,-1458,-1381,-1373,-1373,-1326,-1329,-1320,-1320,-1291,-1181,-1112,-811,-764]} 1. d4 Nf6 2. c4 g6 3. Nc3 Bg7 4. e4 d6 5. Nf3 O-O 6. Be2 c6 7. O-O a6 8. a4 a5 9. h3 Na6 {E91: King's Indian: Classical: 6 Be2, unusual replies including 6...c5 and 6...Bg4} 10. Be3 e5 (10... Nb4 11. Qd2 Nd7 12. Bg5 Re8 13. Rad1 Qc7 14. h4 e5 15. h5 exd4 16. Nxd4 {1-0 (34) Salem,A (2638)-Onischuk,V (2637) Riadh 2017}) 11. d5 Qe7 $146 {White has an edge.} ({Predecessor:} 11... Nh5 12. Re1 Nf4 13. Bf1 Nc5 14. Qc2 Qe7 15. Rad1 {0-1 (91) Korchmar,V (2424)-Pavlidis,A (2533) chess.com INT 2019}) 12. Nd2 Nb4 13. Na2 c5 (13... Nd7 {is interesting.} 14. Bf3 Ra6 15. Nb3 c5 16. Nc3 f5) 14. Nxb4 axb4 15. Qc2 Re8 16. b3 Qf8 17. Bg5 Nd7 18. Bg4 Bh6 19. Bxh6 Qxh6 20. Rfe1 Kh8 21. Nf1 Rg8 22. Qd2 Qh4 23. Re3 Nf6 24. Bxc8 (24. g3 $5 {[%cal Rg3h4]} Qh6 25. Bxc8 Rgxc8 26. Kg2 $11) 24... Raxc8 25. Ng3 Rcf8 26. Rae1 Ne8 27. Qd3 Ng7 28. Rf3 f6 29. Kh2 Rf7 30. Qc2 Rgf8 31. Re2 ({White should play} 31. Kg1 $15) 31... f5 $17 32. Kg1 Rf6 (32... f4 $17 33. Nf1 g5) 33. Qd2 f4 34. Nf1 g5 35. Nh2 Ne8 36. Rd3 Rg6 37. f3 Qh6 38. Qe1 Qg7 39. Qf2 h5 40. Ra2 Nf6 41. Kf1 (41. g4 $142) 41... Kg8 42. Qe2 $2 (42. a5) 42... g4 $19 43. fxg4 hxg4 {Black is clearly winning.} 44. Nxg4 Nxg4 45. hxg4 Rxg4 46. Ke1 Rf6 {Threatens to win with ...Rh6.} 47. Rh3 Rfg6 {[%cal Rg4g2]} 48. Kf1 R6g5 49. a5 {[#] intending a6.} Qg6 $1 50. Rd2 Kf7 51. Ra2 Ke7 52. a6 bxa6 53. Rxa6 Rxg2 54. Rh7+ Qxh7 {[%cal Rh7h1]} 55. Ra7+ {[#]} Kf6 $1 {[%cal Rh7h1]} 56. Rxh7 Rg1+ 57. Kf2 R5g2+ 58. Kf3 Rg3+ 59. Kf2 R1g2+ {[%mdl 64] Skewer} 60. Kf1 Rxe2 61. Kxe2 Rxb3 {Accuracy: White = 27%, Black = 79%.} 0-1

[Event "90th GER-ch 2019"]
[Site "Magdeburg"]
[Date "2019.05.26"]
[Round "1.3"]
[White "Kollars, Dmitrij"]
[Black "Wachinger, Nikolas"]
[Result "1-0"]
[WhiteElo "2561"]
[BlackElo "2311"]
[Annotator "ChessBase"]
[PlyCount "81"]
[EventDate "2019.05.26"]
[EventType "tourn"]
[EventCountry "GER"]
[SourceTitle "playchess.com"]
[Source "ChessBase"]
[SourceQuality "1"]
[TimeControl "40/5400+30:1800+30"]

1. e4 {[%emt 0:00:00]} c5 {[%emt 0:00:00]} 2. Nc3 {[%emt 0:00:00]} d6 {[%emt 0:00:00]} 3. d4 {[%emt 0:00:00]} cxd4 {[%emt 0:00:02]} 4. Qxd4 {[%emt 0:00:06]} Nc6 {[%emt 0:00:08]} 5. Qd2 {[%emt 0:00:13]} g6 {[%emt 0:00:09]} 6. b3 {[%emt 0:00:13]} Bh6 {[%emt 0:00:12]} 7. f4 {[%emt 0:00:11]} Nf6 {[%emt 0:00:14]} 8. Bb2 {[%emt 0:00:18]} O-O {[%emt 0:01:26]} 9. O-O-O {[%emt 0:00:10]} a5 {[%emt 0:00:09]} 10. a4 {[%emt 0:00:22]} e5 {[%emt 0:01:13]} 11. g3 {[%emt 0:00:09]} Be6 {[%emt 0:07:19]} 12. Kb1 {[%emt 0:00:32]} Qb6 {[%emt 0:10:16]} 13. Bh3 {[%emt 0:01:05]} Nd4 {[%emt 0:05:55]} 14. Qf2 {[%emt 0:14:53]} Nd7 {[%emt 0:24:24]} 15. Bxe6 {[%emt 0:24:12]} fxe6 {[%emt 0:00:46]} 16. Nce2 {[%emt 0:01:45]} Nxe2 {[%emt 0:02:30]} 17. Qxb6 {[%emt 0:00:09]} Nxb6 {[%emt 0:00:06]} 18. Nxe2 {[%emt 0:00:16]} exf4 {[%emt 0:04:58]} 19. Rxd6 {[%emt 0:17:35]} f3 {[%emt 0:02:57]} 20. Nf4 {[%emt 0:00:09]} Bxf4 {[%emt 0:09:26]} 21. gxf4 {[%emt 0:01:46]} Nc8 {[%emt 0:03:41]} 22. Rd7 {[%emt 0:01:32]} Rxf4 {[%emt 0:01:55]} 23. Rf1 {[%emt 0:00:48]} Rf7 {[%emt 0:06:44]} 24. Rxf7 {[%emt 0:01:31]} Kxf7 {[%emt 0:00:02]} 25. Rxf3+ {[%emt 0:00:10]} Ke8 {[%emt 0:00:24]} 26. Ba3 {[%emt 0:02:50]} Ne7 {[%emt 0:01:54]} 27. Rh3 {[%emt 0:00:51]} h5 {[%emt 0:00:34]} 28. Rg3 {[%emt 0:03:53]} Rd8 {[%emt 0:02:12]} 29. Bxe7 {[%emt 0:01:02]} Kxe7 {[%emt 0:00:11]} 30. Rxg6 {[%emt 0:00:04]} b6 {[%emt 0:01:03]} 31. Rh6 {[%emt 0:02:07]} Rd4 {[%emt 0:08:00]} 32. Rxh5 {[%emt 0:00:46]} Rxe4 {[%emt 0:00:33]} 33. Rb5 {[%emt 0:00:15]} Rd4 {[%emt 0:00:50]} 34. Rxb6 {[%emt 0:05:15]} e5 {[%emt 0:00:06]} 35. Kb2 {[%emt 0:02:28]} e4 {[%emt 0:02:53]} 36. Kc3 {[%emt 0:00:22]} Rd8 {[%emt 0:00:48]} 37. Rh6 {[%emt 0:01:00]} Kf7 {[%emt 0:01:05]} 38. Rh4 {[%emt 0:00:29]} Re8 {[%emt 0:00:37]} 39. Kd2 {[%emt 0:00:12]} Kf6 {[%emt 0:00:56]} 40. Rh5 {[%emt 0:00:36]} Rd8+ {[%emt 0:00:27]} 41. Ke3 {[%emt 0:30:10]} 1-0

[Event "90th GER-ch 2019"]
[Site "Magdeburg"]
[Date "2019.05.26"]
[Round "1.4"]
[White "Becker, Marcel"]
[Black "Stern, Rene"]
[Result "1/2-1/2"]
[WhiteElo "2308"]
[BlackElo "2538"]
[Annotator "RC"]
[PlyCount "58"]
[EventDate "2019.05.26"]
[EventType "tourn"]
[EventCountry "GER"]
[SourceTitle "playchess.com"]
[Source "ChessBase"]
[SourceQuality "1"]
[TimeControl "40/5400+30:1800+30"]

1. d4 {[%emt 0:00:00]} d5 {[%emt 0:00:00]} 2. c4 {[%emt 0:00:00]} e6 {[%emt 0:00:00]} 3. Nc3 {[%emt 0:00:00]} a6 {[%emt 0:00:00]} 4. cxd5 {[%emt 0:03:49]} exd5 {[%emt 0:00:06]} 5. Bf4 {[%emt 0:02:27]} Nf6 {[%emt 0:00:42]} 6. e3 {[%emt 0:00:33]} Bd6 {[%emt 0:00:37]} 7. Bxd6 {[%emt 0:02:18]} Qxd6 {[%emt 0:00:07]} 8. Bd3 {[%emt 0:00:28]} O-O {[%emt 0:01:50]} 9. Qc2 {[%emt 0:02:43]} Nc6 {[%emt 0:02:57]} 10. a3 {[%emt 0:00:43]} Bg4 {[%emt 0:02:40]} 11. Nge2 {[%emt 0:03:05]} Bxe2 {[%emt 0:05:03]} 12. Bxe2 {[%emt 0:00:55]} Nd8 {[%emt 0:03:01]} 13. O-O {[%emt 0:00:56]} c6 {[%emt 0:00:15]} 14. Na4 {[%emt 0:02:25]} Ne6 {[%emt 0:00:27]} 15. Rfc1 {[%emt 0:01:13]} Qe7 {[%emt 0:08:03]} 16. Bd3 {[%emt 0:07:06]} g6 {[%emt 0:00:53]} 17. b4 {[%emt 0:03:03]} Ne8 {[%emt 0:00:14]} 18. Nc5 {[%emt 0:05:24]} Nd6 {[%emt 0:00:24]} 19. a4 {[%emt 0:09:38]} Rfc8 {[%emt 0:06:25]} 20. Qb3 {[%emt 0:05:17]} b5 {[%emt 0:20:10]} 21. axb5 {[%emt 0:04:25]} axb5 {[%emt 0:00:42]} 22. Rxa8 {[%emt 0:06:16]} Rxa8 {[%emt 0:00:28]} 23. Nxe6 {[%emt 0:00:14]} fxe6 {[%emt 0:00:05]} 24. Rxc6 {[%emt 0:00:14]} Ra1+ {[%emt 0:00:08]} 25. Bf1 {[%emt 0:00:18]} Nc4 {[%emt 0:00:19]} 26. Qc3 {[%emt 0:00:28]} Rd1 {[%emt 0:26:42]} 27. Qc2 {[%emt 0:07:00]} Ra1 {[%emt 0:00:09]} 28. Qc3 {[%emt 0:00:12]} Rd1 {[%emt 0:08:17]} 29. Qc2 {[%emt 0:02:34]} Ra1 {[%emt 0:00:05]} 1/2-1/2

[Event "90th GER-ch 2019"]
[Site "Magdeburg"]
[Date "2019.05.26"]
[Round "1.5"]
[White "Engel, Luis"]
[Black "Schulz, Lukas"]
[Result "1-0"]
[WhiteElo "2512"]
[BlackElo "2302"]
[Annotator "ChessBase"]
[PlyCount "37"]
[EventDate "2019.05.26"]
[EventType "tourn"]
[EventCountry "GER"]
[SourceTitle "playchess.com"]
[Source "ChessBase"]
[SourceQuality "1"]
[TimeControl "40/5400+30:1800+30"]

1. e4 {[%emt 0:00:00]} c5 {[%emt 0:00:00]} 2. Nf3 {[%emt 0:00:00]} Nc6 {[%emt 0:00:00]} 3. Bb5 {[%emt 0:00:00]} d6 {[%emt 0:00:11]} 4. O-O {[%emt 0:00:00]} Bd7 {[%emt 0:00:23]} 5. Re1 {[%emt 0:00:08]} Nf6 {[%emt 0:01:11]} 6. c3 {[%emt 0:00:10]} a6 {[%emt 0:00:26]} 7. Bf1 {[%emt 0:00:07]} g6 {[%emt 0:01:38]} 8. d4 {[%emt 0:00:54]} Bg7 {[%emt 0:12:55]} 9. e5 {[%emt 0:04:00]} dxe5 {[%emt 0:01:54]} 10. dxe5 {[%emt 0:00:45]} Ng4 {[%emt 0:02:31]} 11. Bf4 {[%emt 0:00:28]} g5 {[%emt 0:07:42]} 12. Nxg5 {[%emt 0:03:11]} Bxe5 {[%emt 0:07:44]} 13. Bxe5 {[%emt 0:06:50]} Ngxe5 {[%emt 0:02:08]} 14. f4 {[%emt 0:10:12]} Ng6 {[%emt 0:09:35]} 15. Bc4 {[%emt 0:02:51]} e6 {[%emt 0:05:36]} 16. Nd2 {[%emt 0:08:17]} Na5 {[%emt 0:18:09]} 17. Qh5 {[%emt 0:04:39]} Qf6 {[%emt 0:11:48]} 18. Nge4 {[%emt 0:03:38]} Qe7 {[%emt 0:09:58]} 19. f5 {[%emt 0:01:37]} 1-0

[Event "90th GER-ch 2019"]
[Site "Magdeburg"]
[Date "2019.05.26"]
[Round "1.6"]
[White "Bastian, Herbert"]
[Black "Krassowizkij, Jaroslaw"]
[Result "0-1"]
[WhiteElo "2297"]
[BlackElo "2450"]
[Annotator "ChessBase"]
[PlyCount "74"]
[EventDate "2019.05.26"]
[EventType "tourn"]
[EventCountry "GER"]
[SourceTitle "playchess.com"]
[Source "ChessBase"]
[SourceQuality "1"]
[TimeControl "40/5400+30:1800+30"]

1. e4 {[%emt 0:00:00]} e6 {[%emt 0:00:00]} 2. d4 {[%emt 0:01:26]} d5 {[%emt 0:00:00]} 3. e5 {[%emt 0:01:15]} c5 {[%emt 0:00:00]} 4. c3 {[%emt 0:00:26]} Nc6 {[%emt 0:00:01]} 5. Nf3 {[%emt 0:00:27]} Qb6 {[%emt 0:00:23]} 6. a3 {[%emt 0:10:09]} Nh6 {[%emt 0:00:36]} 7. b4 {[%emt 0:01:42]} cxd4 {[%emt 0:00:09]} 8. cxd4 {[%emt 0:00:05]} Nf5 {[%emt 0:00:29]} 9. Bb2 {[%emt 0:00:47]} Bd7 {[%emt 0:00:39]} 10. Be2 {[%emt 0:01:47]} Be7 {[%emt 0:15:44]} 11. O-O {[%emt 0:03:01]} Rc8 {[%emt 0:09:38]} 12. Qd2 {[%emt 0:16:35]} h5 {[%emt 0:16:07]} 13. Rd1 {[%emt 0:24:28]} g5 {[%emt 0:11:08]} 14. Bc3 {[%emt 0:02:21]} a6 {[%emt 0:11:38]} 15. Ne1 {[%emt 0:03:47]} g4 {[%emt 0:04:04]} 16. Nc2 {[%emt 0:01:34]} Rg8 {[%emt 0:00:20]} 17. a4 {[%emt 0:10:21]} Bg5 {[%emt 0:02:35]} 18. Qe1 {[%emt 0:02:55]} Nce7 {[%emt 0:01:37]} 19. g3 {[%emt 0:03:42]} f6 {[%emt 0:02:12]} 20. Bd3 {[%emt 0:01:24]} fxe5 {[%emt 0:00:53]} 21. Qxe5 {[%emt 0:00:34]} Kf7 {[%emt 0:03:53]} 22. Qe2 {[%emt 0:03:33]} Bf6 {[%emt 0:01:55]} 23. a5 {[%emt 0:01:37]} Qd6 {[%emt 0:02:19]} 24. b5 {[%emt 0:01:03]} Bxb5 {[%emt 0:00:40]} 25. Bxb5 {[%emt 0:00:06]} axb5 {[%emt 0:00:03]} 26. Qxb5 {[%emt 0:00:51]} Qc6 {[%emt 0:05:43]} 27. Qd3 {[%emt 0:01:08]} Qc4 {[%emt 0:00:26]} 28. a6 {[%emt 0:00:59]} bxa6 {[%emt 0:00:07]} 29. Rxa6 {[%emt 0:00:10]} Qxd3 {[%emt 0:02:34]} 30. Rxd3 {[%emt 0:00:02]} Rc6 {[%emt 0:00:09]} 31. Ra7 {[%emt 0:02:14]} Rb8 {[%emt 0:02:14]} 32. Nd2 {[%emt 0:01:11]} Rbc8 {[%emt 0:02:37]} 33. Ra3 {[%emt 0:01:18]} Nd6 {[%emt 0:01:16]} 34. Nb4 {[%emt 0:00:15]} Rb6 {[%emt 0:00:27]} 35. Ra6 {[%emt 0:00:35]} Rxa6 {[%emt 0:00:31]} 36. Nxa6 {[%emt 0:00:03]} Nb5 {[%emt 0:00:34]} 37. Bb2 {[%emt 0:00:35]} Rc2 {[%emt 0:00:59]} 0-1

[Event "90th GER-ch 2019"]
[Site "Magdeburg"]
[Date "2019.05.26"]
[Round "1.7"]
[White "Lubbe, Nikolas"]
[Black "Dauth, Benjamin"]
[Result "1-0"]
[WhiteElo "2431"]
[BlackElo "2295"]
[Annotator "TA"]
[PlyCount "71"]
[EventDate "2019.05.26"]
[EventType "tourn"]
[EventCountry "GER"]
[SourceTitle "playchess.com"]
[Source "ChessBase"]
[SourceQuality "1"]

{[%evp 20,85,4,0,30,0,14,16,23,0,0,0,26,15,27,14,26,13,51,24,19,25,45,0,10,0,98,90,93,114,161,147,167,149,127,110,119,123,118,12,140,127,882,886,849,873,830,866,879,929,866,0,214,0,1018,1015,992,1000,883,885,860,840,769,699,568,560,29986,29987]} 1. c4 Nf6 2. g3 e6 3. Bg2 d5 4. Nf3 Be7 5. O-O O-O 6. b3 b6 7. e3 Bb7 8. Bb2 dxc4 9. bxc4 c5 10. Qe2 Nc6 11. Nc3 Qd7 {A14: English Opening: 1...e6 with b3 by White} (11... Rc8 12. Rad1 Qc7 13. Ne1 Ne8 14. f4 Nd6 15. Nf3 a6 16. a4 f5 17. d3 Bf6 18. h3 Nb4 19. g4 g6 {1-0 (31) Artemiev,V (2709)-Nakamura,H (2749) Caleta 2019}) 12. Rad1 Rfd8 13. d3 Rac8 {The position is equal.} 14. Ne1 Nb4 $146 ({Predecessor:} 14... Na5 15. f4 a6 16. Nf3 Qe8 17. a4 Bc6 18. Bh3 Bxa4 19. Nxa4 Qxa4 {0-1 (55) Dobrov,V (2515)-Aulia,M (2351) Golden Sands 2014}) 15. f3 Ne8 16. a3 Nc6 17. f4 Bf6 18. Nf3 Na5 19. g4 (19. Ne5 $5 {[%cal Re5d7]} Bxe5 20. fxe5 $14) 19... Bxc3 20. Bxc3 Qa4 21. f5 exf5 $1 22. gxf5 Qxa3 (22... f6 $11) 23. Bb2 $36 {[%mdl 2048] Black is under strong pressure.} Qb3 24. f6 {aiming for fxg7.} g6 ({Not} 24... gxf6 $2 25. Nh4 $18) 25. e4 $1 b5 {[%cal Rb5c4] [#]} 26. Ra1 $1 {[%cal Ra1a5]} bxc4 27. Rxa5 cxd3 28. Qd2 Bxe4 29. Re1 (29. Rxa7 $16 c4 30. Ng5 (30. Nd4 Qb6 $11 {[%mdl 64] Double Attack}) 30... Qb6+ 31. Qf2 Qxf2+ 32. Kxf2 Bxg2 33. Nxf7 Bxf1 34. Nh6+ Kh8 35. Bc3) 29... Bxf3 (29... c4 $1 $11 {keeps the balance.} 30. Rxe4 c3 31. Bxc3 Qxc3) 30. Bxf3 {Intending Qh6 and mate.} Qb6 $2 {[%mdl 8192] [#]} (30... Rd6 $16) 31. Ra6 $3 $18 {[%mdl 512]} Qb4 (31... Qxa6 32. Rxe8+) 32. Bc3 {White threatens Rxe8+! and mate.} Qh4 33. Re4 Qh3 34. Bg4 Qh4 {[#]} 35. Bf3 $2 (35. Bf5 $1 {[%mdl 512]} Qh5 (35... gxf5 36. Rxh4) 36. Bxc8 Rxc8 37. Qe3) 35... Qh3 36. Bg2 {Played: Bf3-g4} 1-0

[Event "90th GER-ch 2019"]
[Site "Magdeburg"]
[Date "2019.05.26"]
[Round "1.8"]
[White "Trifan, Andrei Ioan"]
[Black "Kvetny, Mark"]
[Result "1-0"]
[WhiteElo "2268"]
[BlackElo "2414"]
[Annotator "NA"]
[PlyCount "33"]
[EventDate "2019.05.26"]
[EventType "tourn"]
[EventCountry "GER"]
[SourceTitle "playchess.com"]
[Source "ChessBase"]
[SourceQuality "1"]
[TimeControl "40/5400+30:1800+30"]

1. e4 {[%emt 0:00:00]} c6 {[%emt 0:00:00]} 2. d4 {[%emt 0:00:38]} d5 {[%emt 0:00:00]} 3. exd5 {[%emt 0:00:25]} cxd5 {[%emt 0:00:00]} 4. c4 {[%emt 0:00:40]} Nf6 {[%emt 0:00:13]} 5. Nc3 {[%emt 0:01:26]} Be6 {[%emt 0:01:33]} 6. Qb3 {[%emt 0:19:37]} Nc6 {[%emt 0:18:18]} 7. cxd5 {[%emt 0:19:05]} Nxd5 {[%emt 0:01:50]} 8. Qxb7 {[%emt 0:09:39]} Nxd4 {[%emt 0:06:22]} 9. Bb5+ {[%emt 0:05:03]} Nxb5 {[%emt 0:00:28]} 10. Qxb5+ {[%emt 0:01:28]} Qd7 {[%emt 0:00:10]} 11. Qxd7+ {[%emt 0:04:44]} Kxd7 {[%emt 0:00:08]} 12. Nge2 {[%emt 0:00:07]} Nxc3 {[%emt 0:10:01]} 13. Nxc3 {[%emt 0:00:31]} Bc4 {[%emt 0:01:18]} 14. f4 {[%emt 0:03:26]} e6 {[%emt 0:12:38]} 15. Be3 {[%emt 0:04:54]} Rb8 {[%emt 0:06:32]} 16. Bxa7 {[%emt 0:04:13]} Rxb2 {[%emt 0:02:41]} 17. O-O-O+ {[%emt 0:00:26]} 1-0

[Event "90th GER-ch 2019"]
[Site "Magdeburg"]
[Date "2019.05.26"]
[Round "1.9"]
[White "Rosner, Jonas"]
[Black "Heimrath, Reiner"]
[Result "1/2-1/2"]
[WhiteElo "2413"]
[BlackElo "2239"]
[Annotator "NA RC"]
[PlyCount "100"]
[EventDate "2019.05.26"]
[EventType "tourn"]
[EventCountry "GER"]
[SourceTitle "playchess.com"]
[Source "ChessBase"]
[SourceQuality "1"]
[TimeControl "40/5400+30:1800+30"]

1. e4 {[%emt 0:00:00]} e5 {[%emt 0:00:00]} 2. Nf3 {[%emt 0:00:00]} Nc6 {[%emt 0:00:00]} 3. Bb5 {[%emt 0:00:00]} Nge7 {[%emt 0:00:12]} 4. Nc3 {[%emt 0:00:41]} d6 {[%emt 0:08:28]} 5. d4 {[%emt 0:01:51]} exd4 {[%emt 0:00:07]} 6. Nxd4 {[%emt 0:00:09]} Bd7 {[%emt 0:00:27]} 7. Bg5 {[%emt 0:15:00]} h6 {[%emt 0:02:28]} 8. Be3 {[%emt 0:03:20]} a6 {[%emt 0:11:45]} 9. Be2 {[%emt 0:02:11]} Nxd4 {[%emt 0:16:37]} 10. Qxd4 {[%emt 0:03:46]} Nc6 {[%emt 0:00:27]} 11. Qd2 {[%emt 0:01:08]} Be7 {[%emt 0:02:20]} 12. O-O-O {[%emt 0:02:56]} Bf6 {[%emt 0:07:46]} 13. Nd5 {[%emt 0:03:57]} Be6 {[%emt 0:00:13]} 14. f4 {[%emt 0:05:18]} Bxd5 {[%emt 0:03:02]} 15. Qxd5 {[%emt 0:11:52]} Qe7 {[%emt 0:03:10]} 16. Kb1 {[%emt 0:07:14]} Nb4 {[%emt 0:24:08]} 17. Qb3 {[%emt 0:13:03]} c5 {[%emt 0:00:28]} 18. Rhe1 {[%emt 0:05:25]} O-O {[%emt 0:00:49]} 19. Bc4 {[%emt 0:03:46]} Rac8 {[%emt 0:05:42]} 20. Bd5 {[%emt 0:02:39]} Qc7 {[%emt 0:03:11]} 21. g4 {[%emt 0:01:27]} Qb6 {[%emt 0:01:28]} 22. Bc1 {[%emt 0:02:48]} Nxd5 {[%emt 0:02:18]} 23. Qxd5 {[%emt 0:00:51]} c4 {[%emt 0:02:17]} 24. Qxd6 {[%emt 0:03:02]} Rc6 {[%emt 0:00:05]} 25. Qa3 {[%emt 0:00:33]} Bd4 {[%emt 0:00:18]} 26. Be3 {[%emt 0:02:12]} Rd8 {[%emt 0:00:17]} 27. Rxd4 {[%emt 0:02:57]} Rxd4 {[%emt 0:00:07]} 28. Bxd4 {[%emt 0:00:28]} Qxd4 {[%emt 0:00:06]} 29. Qe3 {[%emt 0:00:19]} Qd8 {[%emt 0:01:30]} 30. e5 {[%emt 0:01:00]} c3 {[%emt 0:00:07]} 31. b3 {[%emt 0:02:27]} Qe7 {[%emt 0:02:41]} 32. Ka1 {[%emt 0:02:37]} b5 {[%emt 0:01:34]} 33. f5 {[%emt 0:00:41]} a5 {[%emt 0:00:48]} 34. Qd4 {[%emt 0:00:44]} Qa3 {[%emt 0:00:53]} 35. Rb1 {[%emt 0:00:03]} Rc8 {[%emt 0:01:04]} 36. Qd7 {[%emt 0:00:18]} Qc5 {[%emt 0:00:07]} 37. e6 {[%emt 0:00:24]} fxe6 {[%emt 0:00:35]} 38. fxe6 {[%emt 0:00:02]} Qc6 {[%emt 0:00:26]} 39. Qf7+ {[%emt 0:00:45]} Kh7 {[%emt 0:00:03]} 40. Qf5+ {[%emt 0:00:45]} Kg8 {[%emt 0:00:43]} 41. Qf7+ {[%emt 0:08:35]} Kh7 {[%emt 0:02:37]} 42. e7 {[%emt 0:00:13]} Re8 {[%emt 0:08:20]} 43. h4 {[%emt 0:03:55]} Qd7 {[%emt 0:01:15]} 44. Re1 {[%emt 0:00:55]} Qd2 {[%emt 0:06:34]} 45. Qf5+ {[%emt 0:00:48]} Kh8 {[%emt 0:02:25]} 46. Rf1 {[%emt 0:15:23]} Qe2 {[%emt 0:02:46]} 47. Qf8+ {[%emt 0:00:16]} Kh7 {[%emt 0:00:07]} 48. Qf5+ {[%emt 0:03:36]} Kh8 {[%emt 0:00:09]} 49. Qf8+ {[%emt 0:00:04]} Kh7 {[%emt 0:00:06]} 50. Qf5+ {[%emt 0:01:52]} Kh8 {[%emt 0:00:06]} 1/2-1/2